[Event "BL 8485 Bochum-Erlangen"]
[Site "?"]
[Date "1984.??.??"]
[Round "?.1"]
[White "Heidrich, M."]
[Black "Heinbuch, D."]
[Result "1/2-1/2"]
[WhiteElo "2260"]
[BlackElo "2255"]
[PlyCount "125"]
[EventDate "1984.??.??"]

1. e4 c5 2. Nf3 Nc6 3. d4 cxd4 4. Nxd4 Nf6 5. Nc3 d6 6. Bc4 e6 7. Be3 Be7 8.
Qe2 Bd7 9. O-O-O Rc8 10. Bb3 Na5 11. f3 Nxb3+ 12. axb3 O-O 13. g4 Bc6 14. g5
Nd7 15. h4 Re8 16. f4 Qa5 17. Kb1 e5 18. Nf5 Bf8 19. fxe5 Rxe5 20. Nxd6 Bxd6
21. Rxd6 Rce8 22. Rhd1 Nf8 23. Bf4 R5e7 24. Qd2 Qc5 25. b4 Qxb4 26. Nd5 Qxe4
27. Nxe7+ Qxe7 28. Rd8 Ne6 29. Rxe8+ Qxe8 30. Re1 a6 31. h5 Qd7 32. Qe3 Qd5 33.
h6 Qf3 34. Qxf3 Bxf3 35. Be5 gxh6 36. gxh6 f5 37. Re3 Bc6 38. Rg3+ Kf7 39. Kc1
f4 40. Rg1 f3 41. Kd2 Be4 42. c4 Bc6 43. Ke3 Ke7 44. Rg8 Kf7 45. Rg4 Ke7 46.
Bc3 Kf7 47. Rg3 Ke7 48. Rh3 Kf7 49. Rh5 Kg6 50. Re5 Ng5 51. Bd2 Ne4 52. Be1 Nf6
53. Re6 Kf7 54. Rxc6 bxc6 55. Kxf3 Ke6 56. Kf4 Ng8 57. Ke4 Nxh6 58. Kd4 Kd7 59.
Kc5 Kc7 60. b4 Nf5 61. b5 cxb5 62. cxb5 axb5 63. Kxb5 1/2-1/2

[Event "BL 8485 Bochum-Erlangen"]
[Site "?"]
[Date "1984.??.??"]
[Round "?.2"]
[White "Sehner, N."]
[Black "Feustel, B."]
[Result "0-1"]
[WhiteElo "2315"]
[BlackElo "2335"]
[PlyCount "92"]
[EventDate "1984.??.??"]

1. e4 g6 2. d4 Bg7 3. Nc3 d6 4. Be3 Nd7 5. Qd2 a6 6. f4 b5 7. Be2 Bb7 8. Bf3
Nb6 9. b3 b4 10. Nce2 Nf6 11. Ng3 h5 12. e5 Nfd5 13. Nh3 Qc8 14. Bf2 h4 15. Ne4
Nc3 16. Qd3 Nbd5 17. Nxc3 Nxc3 18. O-O a5 19. Rfe1 d5 20. Ng5 Ba6 21. Qd2 e6
22. Bg4 Bf8 23. Qe3 Be7 24. a3 Rb8 25. axb4 Bxb4 26. Rec1 c5 27. dxc5 Rb5 28.
Kh1 Rxc5 29. f5 gxf5 30. Bxf5 exf5 31. e6 Ne4 32. exf7+ Kf8 33. Nxe4 dxe4 34.
Qg5 Rd5 35. Rd1 Be7 36. Qf4 Rxd1+ 37. Rxd1 h3 38. gxh3 Bb7 39. Be3 Kxf7 40. c4
Rh4 41. Qe5 Bf6 42. Qb5 Bc6 43. Qb6 f4 44. Rd6 fxe3 45. Rxc6 Qf5 46. Qc7+ Be7
0-1

[Event "BL 8485 Bochum-Erlangen"]
[Site "?"]
[Date "1984.??.??"]
[Round "?.3"]
[White "Huenerkopf, H."]
[Black "Budde, V."]
[Result "1/2-1/2"]
[WhiteElo "2255"]
[BlackElo "2360"]
[PlyCount "130"]
[EventDate "1984.??.??"]

1. e4 e5 2. Nf3 Nc6 3. d4 exd4 4. Nxd4 Qf6 5. Nb5 Bb4+ 6. c3 Ba5 7. Be3 a6 8.
Nd4 Nge7 9. Nb3 Qe6 10. N1d2 d5 11. Nxa5 Nxa5 12. exd5 Nxd5 13. Qa4+ Bd7 14.
Qxa5 Nxe3 15. fxe3 Qxe3+ 16. Be2 O-O-O 17. Nf1 Qe4 18. Ng3 Qxg2 19. O-O-O f5
20. Rd4 g6 21. Rhd1 Bc6 22. Qe5 Rde8 23. Qf6 Rhf8 24. Qh4 Qf2 25. R4d2 Qe3 26.
Nf1 Qe6 27. Bc4 Qe5 28. Bf7 Re7 29. Bd5 Bb5 30. a4 Bxf1 31. Rxf1 f4 32. Qf2 Kb8
33. Qd4 Qxd4 34. Rxd4 g5 35. Bf3 Re3 36. Kd2 h5 37. h3 Rg8 38. Rd3 g4 39. hxg4
hxg4 40. Bd5 Rd8 41. Bc4 Rexd3+ 42. Bxd3 Rf8 43. Rg1 Rg8 44. Be4 Rd8+ 45. Ke2
Re8 46. Kd3 Rd8+ 47. Ke2 Re8 48. Kd3 Rd8+ 49. Kc4 Re8 50. Kd4 g3 51. Rf1 g2 52.
Bxg2 Re2 53. Be4 Rxb2 54. Rxf4 Ra2 55. Rf1 Rxa4+ 56. c4 Ka7 57. Rf8 Kb6 58. Rb8
c6 59. Rh8 Rb4 60. Rh2 a5 61. Kc3 Kc7 62. Ra2 b5 63. Bd3 bxc4 64. Bxc4 Kb6 65.
Ra1 c5 1/2-1/2

[Event "BL 8485 Bochum-Erlangen"]
[Site "?"]
[Date "1984.??.??"]
[Round "?.4"]
[White "Beckemeyer, W."]
[Black "Roeder, F."]
[Result "1-0"]
[WhiteElo "2325"]
[BlackElo "2250"]
[PlyCount "119"]
[EventDate "1984.??.??"]

1. e4 c5 2. Nf3 Nc6 3. d4 cxd4 4. Nxd4 e5 5. Nb5 a6 6. Nd6+ Bxd6 7. Qxd6 Qe7 8.
Qd1 Nf6 9. Nc3 h6 10. Bc4 d6 11. O-O Be6 12. Nd5 Bxd5 13. Bxd5 Rd8 14. Be3 Nxd5
15. Qxd5 Qe6 16. Bb6 Rd7 17. c4 Ne7 18. Qxe6 fxe6 19. Rad1 d5 20. exd5 exd5 21.
cxd5 Rxd5 22. Bc7 e4 23. Rde1 Kd7 24. Rxe4 Nc6 25. Bf4 Re8 26. Rxe8 Kxe8 27. a3
Nd4 28. Re1+ Kf7 29. Kf1 Rb5 30. Be5 Nb3 31. Bc3 g6 32. Re4 Rd5 33. Rb4 Nc5 34.
Rb6 Ne4 35. Rxb7+ Ke6 36. Rb6+ Kf5 37. Rxa6 Nxc3 38. bxc3 Rc5 39. a4 Rxc3 40.
g3 h5 41. h4 Ra3 42. Ra8 Kg4 43. Kg2 Kf5 44. a5 Kf6 45. a6 Kf7 46. Kf1 Ra2 47.
Ke1 Kg7 48. f3 Kh7 49. Kd1 Kg7 50. Kc1 Rf2 51. Rb8 Ra2 52. Rb7+ Kf6 53. a7 Ke5
54. Kb1 Ra5 55. Kb2 Kd4 56. Re7 Kc4 57. Rc7+ Kd4 58. Kb3 Ra1 59. Rc4+ Ke3 60.
Ra4 1-0

[Event "BL 8485 Bochum-Erlangen"]
[Site "?"]
[Date "1984.??.??"]
[Round "?.6"]
[White "Ueter, H."]
[Black "Strobel, W."]
[Result "1-0"]
[WhiteElo "2270"]
[BlackElo "2275"]
[PlyCount "73"]
[EventDate "1984.??.??"]

1. e4 c5 2. Nf3 e6 3. d4 cxd4 4. Nxd4 Nf6 5. Nc3 Bb4 6. e5 Nd5 7. Qg4 O-O 8.
Bd2 f5 9. Qg3 f4 10. Qh3 Qc7 11. Bd3 Qxe5+ 12. Nde2 g6 13. O-O-O Nxc3 14. Nxc3
d5 15. g3 Qg7 16. gxf4 d4 17. Ne2 Bxd2+ 18. Rxd2 e5 19. Qg3 exf4 20. Nxf4 Nc6
21. Rhd1 Qf7 22. Bc4 Qxc4 23. Nxg6 Qxa2 24. Nxf8+ Kxf8 25. Qd6+ Kf7 26. Qf4+
Ke7 27. Qg5+ Kd6 28. Rxd4+ Nxd4 29. Rxd4+ Kc6 30. c4 Qa1+ 31. Kc2 Qa4+ 32. Kc3
Bd7 33. Qe5 Kb6 34. c5+ Ka6 35. Rxa4+ Bxa4 36. Qe6+ Ka5 37. b4+ 1-0

[Event "BL 8485 Bochum-Erlangen"]
[Site "?"]
[Date "1984.??.??"]
[Round "?.8"]
[White "Konikowski, J."]
[Black "Seyb, D."]
[Result "1-0"]
[WhiteElo "2390"]
[BlackElo "2310"]
[PlyCount "107"]
[EventDate "1984.??.??"]

1. c4 e5 2. Nc3 Nc6 3. g3 g6 4. Bg2 Bg7 5. d3 d6 6. Rb1 a5 7. a3 Nf6 8. Nf3 O-O
9. O-O h6 10. b4 axb4 11. axb4 Be6 12. b5 Ne7 13. Qb3 Qd7 14. Bd2 Bh3 15. e4
Nh5 16. Ne1 Kh7 17. f3 Bxg2 18. Nxg2 f5 19. Nd5 Nf6 20. Bc3 Nexd5 21. cxd5 b6
22. Ra1 Rxa1 23. Rxa1 Ne8 24. Rf1 g5 25. Ne3 fxe4 26. dxe4 h5 27. Qc4 Nf6 28.
Nf5 Ra8 29. Bd2 g4 30. fxg4 Nxg4 31. h3 Nf6 32. Bg5 Rf8 33. Qe2 Kg6 34. Nh4+
Kh7 35. Bxf6 Rxf6 36. Rxf6 Bxf6 37. Qxh5+ Kg8 38. Qg6+ Qg7 39. Qxg7+ Kxg7 40.
Nf5+ Kg6 41. h4 Kh5 42. Kg2 Kg4 43. Ne3+ Kh5 44. Kh3 Kg6 45. g4 Bd8 46. Nf5 Bf6
47. g5 Bd8 48. Kg4 Kf7 49. Kh5 Kg8 50. Kg6 c5 51. dxc6 d5 52. exd5 e4 53. d6 e3
54. c7 1-0

[Event "BL 8485 Solingen-Enger"]
[Site "?"]
[Date "1985.??.??"]
[Round "?.3"]
[White "Gruen, G."]
[Black "Lobron, E."]
[Result "1-0"]
[WhiteElo "2355"]
[BlackElo "2495"]
[PlyCount "97"]
[EventDate "1985.??.??"]

1. d4 Nf6 2. Nf3 e6 3. c4 c5 4. d5 exd5 5. cxd5 d6 6. Nc3 g6 7. Bf4 a6 8. a4
Bg7 9. e4 Bg4 10. Be2 O-O 11. O-O Bxf3 12. Bxf3 Qe7 13. Re1 Nbd7 14. h3 Ne8 15.
Qd2 Nc7 16. Be2 Rfe8 17. Bf1 Qf8 18. Bg3 Kh8 19. f4 Bd4+ 20. Bf2 Qg7 21. Rad1
Bxf2+ 22. Qxf2 f6 23. Be2 Rad8 24. Kh2 Nf8 25. Bd3 Rb8 26. Qf1 g5 27. g3 gxf4
28. gxf4 Ng6 29. Qf2 Qh6 30. Ne2 b5 31. a5 Qh4 32. Rf1 Qxf2+ 33. Rxf2 Re7 34.
Ng3 Nh4 35. f5 c4 36. Bb1 b4 37. Rf4 c3 38. Rxh4 Nb5 39. Rf4 Rc7 40. Rf2 b3 41.
bxc3 Nxc3 42. Re1 Rc4 43. Nh5 Nxb1 44. Rxb1 Rxe4 45. Nxf6 Re5 46. Rbb2 Re3 47.
Nd7 Rb4 48. f6 Rh4 49. f7 1-0

[Event "BL 8485 Solingen-Enger"]
[Site "?"]
[Date "1985.??.??"]
[Round "?.4"]
[White "Borik, O."]
[Black "Fleck, J."]
[Result "1-0"]
[WhiteElo "2370"]
[BlackElo "2400"]
[PlyCount "81"]
[EventDate "1985.??.??"]

1. d4 f5 2. g3 Nf6 3. Bg2 g6 4. Nf3 Bg7 5. O-O O-O 6. c3 c6 7. Nbd2 d6 8. Re1
Kh8 9. e4 f4 10. e5 Nh5 11. e6 Qa5 12. g4 Nf6 13. h3 Nd5 14. Nb3 Qa4 15. Ng5
Na6 16. Be4 Nac7 17. Bc2 Qa6 18. a4 Bf6 19. Bd3 b5 20. axb5 Qb6 21. Nf7+ Kg7
22. g5 Bxe6 23. gxf6+ Kxf7 24. fxe7 Nxe7 25. Bxf4 cxb5 26. Bh6 Rfe8 27. Be4
Bxh3 28. Qf3+ Bf5 29. Bxa8 Rxa8 30. Nd2 d5 31. Bg5 Ng8 32. Nf1 h6 33. Bh4 Kg7
34. Bg3 Rd8 35. Ne3 Be4 36. Be5+ Nf6 37. Qxf6+ Qxf6 38. Rxa7 Qxe5 39. dxe5 Rd7
40. Rd1 g5 41. f3 1-0

[Event "BL 8485 Solingen-Enger"]
[Site "?"]
[Date "1985.??.??"]
[Round "?.6"]
[White "Werner, D."]
[Black "Stertenbrink, G."]
[Result "1-0"]
[WhiteElo "2365"]
[BlackElo "2225"]
[PlyCount "67"]
[EventDate "1985.??.??"]

1. Nf3 c5 2. e4 g6 3. c3 Bg7 4. d4 cxd4 5. cxd4 d5 6. exd5 Nf6 7. Bb5+ Nbd7 8.
Nc3 O-O 9. d6 exd6 10. O-O Nb6 11. Bg5 Bd7 12. Qb3 h6 13. Bh4 Be6 14. d5 Nbxd5
15. Nd4 Nc7 16. Nxe6 Nxe6 17. Rad1 Nc5 18. Qc2 Rc8 19. Bc4 Ncd7 20. Bb3 Nc5 21.
Bd5 Re8 22. Rfe1 Rxe1+ 23. Rxe1 g5 24. Bg3 Qd7 25. h4 Nh5 26. hxg5 hxg5 27. Qg6
Nxg3 28. fxg3 Kf8 29. Rf1 Bd4+ 30. Kh2 f6 31. Nb5 Be5 32. Rxf6+ Bxf6 33. Qxf6+
Ke8 34. Nxd6+ 1-0

[Event "BL 8485 Solingen-Enger"]
[Site "?"]
[Date "1985.??.??"]
[Round "?.7"]
[White "Clemens, C."]
[Black "Borngaesser, R."]
[Result "1/2-1/2"]
[WhiteElo "2380"]
[BlackElo "2335"]
[PlyCount "66"]
[EventDate "1985.??.??"]

1. g3 g6 2. Bg2 Bg7 3. e4 c5 4. d3 Nc6 5. c3 d6 6. f4 e5 7. Nf3 Nge7 8. O-O O-O
9. Be3 exf4 10. gxf4 b6 11. Bf2 d5 12. Qa4 Bb7 13. Nbd2 f5 14. e5 Qd7 15. Qc2
Bh6 16. Bg3 Nd8 17. h4 Ne6 18. Ng5 Bxg5 19. hxg5 b5 20. b3 d4 21. Bxb7 Qxb7 22.
c4 b4 23. a4 bxa3 24. Rxa3 a5 25. Nf3 Nc6 26. Qe2 Nb4 27. Kf2 Kg7 28. Rh1 Qc6
29. Rha1 Qb6 30. Rh1 Rh8 31. Rh6 Nc6 32. Nh4 Ne7 33. Nf3 Qb4 1/2-1/2

[Event "BL 8485 Solingen-Enger"]
[Site "?"]
[Date "1985.??.??"]
[Round "?.8"]
[White "Meyer, CD."]
[Black "Groenegress, W."]
[Result "1-0"]
[WhiteElo "2315"]
[BlackElo "2210"]
[PlyCount "49"]
[EventDate "1985.??.??"]

1. e4 c5 2. Nf3 e6 3. d4 cxd4 4. Nxd4 a6 5. Bd3 Nf6 6. O-O d6 7. Kh1 Be7 8. Nc3
Qc7 9. f4 O-O 10. Qf3 Re8 11. Bd2 Bf8 12. Rae1 Nc6 13. Nxc6 Qxc6 14. Qg3 g6 15.
Qh4 Bg7 16. e5 Nd7 17. Ne4 d5 18. Nf6+ Nxf6 19. exf6 Bf8 20. Re5 h6 21. Rf3 Qd6
22. Rg3 Bd7 23. Qg4 Kh8 24. Bxg6 Be7 25. Qh4 1-0

[Event "BL 8485 Bochum-Braunschweig"]
[Site "?"]
[Date "1985.??.??"]
[Round "?.1"]
[White "Eng, H."]
[Black "Heinbuch, D."]
[Result "1/2-1/2"]
[WhiteElo "2345"]
[BlackElo "2255"]
[PlyCount "100"]
[EventDate "1985.??.??"]

1. Nf3 d5 2. c4 dxc4 3. e3 Nf6 4. Bxc4 e6 5. O-O a6 6. a4 c5 7. Qe2 Nc6 8. Rd1
Be7 9. d4 cxd4 10. exd4 O-O 11. Nc3 Nb4 12. Bg5 Re8 13. Ne5 Nfd5 14. Bxe7 Rxe7
15. Qf3 Bd7 16. Ne4 Be8 17. Bb3 Rc7 18. Rac1 Rac8 19. Rxc7 Rxc7 20. Qg3 b6 21.
h4 a5 22. Ng4 Rc6 23. Ng5 Qc7 24. Qf3 Qf4 25. Qe2 Rc1 26. g3 Rxd1+ 27. Qxd1 Qf5
28. Ne5 h6 29. Ngf3 f6 30. Nc4 Bh5 31. Ncd2 Nd3 32. Bc2 N5b4 33. Bb1 Qd5 34.
Qe2 Nxb2 35. Be4 Qd7 36. Nc4 Nxa4 37. Qe3 Nd5 38. Bc2 Nac3 39. Qd3 Kf8 40. Nxb6
Nxb6 41. Qxc3 Qc8 42. Qa3+ Kf7 43. Be4 a4 44. Nd2 Be2 45. Nb1 Bb5 46. Nc3 Bd7
47. Qb4 Qc4 48. Qc5 Bc8 49. Kg2 Qxc5 50. dxc5 Nd5 1/2-1/2

[Event "BL 8485 Enger-Bochum"]
[Site "?"]
[Date "1985.??.??"]
[Round "?.1"]
[White "Heinbuch, D."]
[Black "Smejkal, J."]
[Result "1-0"]
[WhiteElo "2255"]
[BlackElo "2540"]
[PlyCount "91"]
[EventDate "1985.??.??"]

1. d4 Nf6 2. Nf3 g6 3. g3 Bg7 4. Bg2 O-O 5. O-O d6 6. c4 Nc6 7. Nc3 a6 8. Bd2
e5 9. d5 Nd4 10. Ne1 Re8 11. h3 h5 12. Bg5 Qd7 13. Bxf6 Bxf6 14. e3 Nf5 15. Nd3
Qe7 16. Rc1 Bg7 17. c5 dxc5 18. Ne4 Nd6 19. Ndxc5 b6 20. Nxd6 cxd6 21. Na4 Rb8
22. Nc3 f5 23. e4 f4 24. g4 hxg4 25. hxg4 Qh4 26. f3 Bf6 27. Qe1 Qh6 28. Qd2 b5
29. Kf2 b4 30. Na4 Bd7 31. Rc6 Qg7 32. Rfc1 Bxc6 33. dxc6 Qa7+ 34. Ke2 Kg7 35.
Kd1 Qc7 36. g5 Bxg5 37. Bh3 Rh8 38. Bd7 Rh1+ 39. Kc2 Rxc1+ 40. Kxc1 Bh4 41. Qd5
Bf2 42. Qe6 Rf8 43. Be8 Rf6 44. Qd7+ Rf7 45. Qxf7+ Qxf7 46. Bxf7 1-0

[Event "BL 8485 Enger-Bochum"]
[Site "?"]
[Date "1985.??.??"]
[Round "?.2"]
[White "Podzielny, K."]
[Black "Sehner, N."]
[Result "1-0"]
[WhiteElo "2415"]
[BlackElo "2315"]
[PlyCount "111"]
[EventDate "1985.??.??"]

1. d4 d5 2. c4 e6 3. Nf3 Nf6 4. Nc3 Be7 5. Bg5 O-O 6. e3 Nbd7 7. Rc1 c6 8. Bd3
dxc4 9. Bxc4 Nd5 10. Bxe7 Qxe7 11. O-O Nxc3 12. Rxc3 e5 13. Qc2 exd4 14. exd4
Qf6 15. Bd3 g6 16. Re1 Nb6 17. h4 Be6 18. h5 Nd5 19. hxg6 hxg6 20. Rb3 Rab8 21.
Ne5 Kg7 22. g3 Rh8 23. Be4 Qg5 24. Bg2 Ne7 25. Ra3 Nf5 26. Qc3 Kg8 27. Rxa7 Qh5
28. Nf3 Bd5 29. Re5 Qh6 30. b4 Nd6 31. a4 Nc4 32. Re2 Qh5 33. Kf1 Qf5 34. Nh4
Bxg2+ 35. Kxg2 Rxh4 36. gxh4 Qg4+ 37. Qg3 Qxe2 38. Qxb8+ Kg7 39. Qf4 Qe7 40. a5
Qd7 41. a6 Qd5+ 42. Qf3 Qxd4 43. Rxb7 Ne5 44. Qg3 Qe4+ 45. f3 Qe2+ 46. Qf2 Qxa6
47. Re7 Kf6 48. Re8 Qd3 49. Kg3 Qd7 50. Ra8 Qb7 51. Ra7 Qxb4 52. Qe3 Qd6 53.
Qc3 Ke6 54. f4 Nd7 55. Qe3+ Kf6 56. Rxd7 1-0

[Event "BL 8485 Enger-Bochum"]
[Site "?"]
[Date "1985.??.??"]
[Round "?.3"]
[White "Budde, V."]
[Black "Gruen, G."]
[Result "0-1"]
[WhiteElo "2360"]
[BlackElo "2355"]
[PlyCount "108"]
[EventDate "1985.??.??"]

1. d4 Nf6 2. c4 e6 3. Nf3 d5 4. Nc3 Bb4 5. Bg5 Nbd7 6. Qb3 c5 7. cxd5 exd5 8.
a3 Qa5 9. Bd2 Ne4 10. Nxe4 dxe4 11. dxc5 Bxd2+ 12. Nxd2 O-O 13. Qb4 Qxc5 14.
Qxc5 Nxc5 15. Rc1 b6 16. b4 e3 17. bxc5 exd2+ 18. Kxd2 Rd8+ 19. Ke1 Bb7 20.
cxb6 axb6 21. Rc3 Rac8 22. Rxc8 Rxc8 23. Kd2 Ra8 24. Kc3 Rxa3+ 25. Kb2 Ra4 26.
f3 Bd5 27. e4 Be6 28. Rg1 Ra2+ 29. Kb1 g5 30. Bd3 Rd2 31. Bc2 b5 32. Kc1 Rf2
33. h4 gxh4 34. Rh1 h3 35. gxh3 Rxf3 36. Rg1+ Kf8 37. h4 b4 38. Rg5 b3 39. Bb1
Rf2 40. Rb5 Rh2 41. h5 Kg7 42. Bd3 Kh6 43. Rb4 Kxh5 44. Bb5 Kg5 45. Ba4 b2+ 46.
Rxb2 Rxb2 47. Kxb2 Kf4 48. Kc3 Ke3 49. Bd1 h6 50. e5 Ke4 51. Kd2 Kxe5 52. Ke3
Bd5 53. Bg4 f5 54. Bh5 Bc6 0-1

[Event "BL 8485 Enger-Bochum"]
[Site "?"]
[Date "1985.??.??"]
[Round "?.4"]
[White "Fleck, J."]
[Black "Backwinkel, P."]
[Result "0-1"]
[WhiteElo "2400"]
[BlackElo "2330"]
[PlyCount "94"]
[EventDate "1985.??.??"]

1. e4 g6 2. d4 Bg7 3. Nc3 d6 4. f4 Nc6 5. Be3 Nf6 6. Nf3 e6 7. Qd2 Ne7 8. Bd3
O-O 9. Nd1 b6 10. Nf2 Bb7 11. g4 c5 12. c3 Rc8 13. h4 Rc7 14. h5 gxh5 15. g5
Ng4 16. Nxg4 hxg4 17. Qh2 Re8 18. Qxh7+ Kf8 19. Nh2 Nf5 20. exf5 exf5 21. Kd2
Bxh1 22. Rxh1 Qa8 23. Rg1 Rxe3 24. Kxe3 cxd4+ 25. Ke2 Qe8+ 26. Kf1 Qe3 27. Qxf5
dxc3 28. Qe4 Qh3+ 29. Rg2 g3 30. f5 gxh2 31. Qa8+ Ke7 32. f6+ Bxf6 33. gxf6+
Kxf6 34. Qd8+ Ke5 35. Qe8+ Kf6 36. Qd8+ Ke6 37. Qe8+ Re7 38. Qc8+ Rd7 39. Kf2
Qxd3 40. Qe8+ Kd5 41. Qxd7 Qd4+ 42. Ke2 Qd2+ 43. Kf3 h1=Q 44. Qb5+ Kd4 45. Qa4+
Kc5 46. Qa3+ Kd5 47. Qb3+ Ke5 0-1

[Event "BL 8485 Enger-Bochum"]
[Site "?"]
[Date "1985.??.??"]
[Round "?.6"]
[White "Stertenbrink, G."]
[Black "Sonntag, H."]
[Result "0-1"]
[WhiteElo "2225"]
[BlackElo "2305"]
[PlyCount "94"]
[EventDate "1985.??.??"]

1. e4 e5 2. Nf3 Nc6 3. Nc3 Nf6 4. Bb5 Bb4 5. O-O O-O 6. d3 Bxc3 7. bxc3 d6 8.
Ne1 Ne7 9. Bc4 Ng6 10. Bg5 h6 11. Bxf6 Qxf6 12. Rb1 Rb8 13. d4 Be6 14. Bb3 Rfe8
15. f3 Red8 16. d5 Bd7 17. c4 b6 18. Nd3 a5 19. c3 Qg5 20. g3 f5 21. exf5 Bxf5
22. Bc2 Rf8 23. Qc1 Qf6 24. Ne1 Rbe8 25. Qe3 Re7 26. Be4 Bxe4 27. Qxe4 Qg5 28.
Ng2 Ref7 29. Rf2 Re7 30. Rbf1 Rfe8 31. Kh1 Nf8 32. Nh4 Nd7 33. Ng2 Nc5 34. Qc2
Rf7 35. f4 Qf5 36. Qxf5 Rxf5 37. Ne3 Rh5 38. f5 Ne4 39. Rg2 Nxc3 40. h4 Rf8 41.
Rh2 g5 42. f6 Ne4 43. Kg2 gxh4 44. gxh4 Rxf6 45. Rxf6 Nxf6 46. Kh3 e4 47. Rf2
Ne8 {ZÜ} 0-1

[Event "BL 8485 Enger-Bochum"]
[Site "?"]
[Date "1985.??.??"]
[Round "?.7"]
[White "Konikowski, J."]
[Black "Clemens, C."]
[Result "1/2-1/2"]
[WhiteElo "2390"]
[BlackElo "2380"]
[PlyCount "74"]
[EventDate "1985.??.??"]

1. c4 f5 2. Nc3 Nf6 3. g3 g6 4. Bg2 Bg7 5. d3 O-O 6. Nf3 d6 7. O-O e5 8. Bd2 h6
9. b4 c6 10. a4 Be6 11. a5 a6 12. Qb3 Nbd7 13. e4 fxe4 14. Nxe4 d5 15. cxd5
cxd5 16. Nc5 Bf7 17. Rac1 e4 18. Ne1 Nxc5 19. bxc5 exd3 20. Nxd3 Ne4 21. Bb4
Re8 22. c6 bxc6 23. Rxc6 Rb8 24. Qc2 Rc8 25. Rc1 Rxc6 26. Qxc6 Re6 27. Qc8 Qxc8
28. Rxc8+ Re8 29. Rxe8+ Bxe8 30. Bxe4 dxe4 31. Nc5 Bb5 32. Nxe4 Bd3 33. f3 Bd4+
34. Kg2 Kf7 35. Bc5 Bxe4 36. Bxd4 Bd5 37. g4 h5 1/2-1/2

[Event "BL 8485 Enger-Bochum"]
[Site "?"]
[Date "1985.??.??"]
[Round "?.8"]
[White "Groenegress, W."]
[Black "Bachmann, K."]
[Result "1-0"]
[WhiteElo "2210"]
[BlackElo "2325"]
[PlyCount "91"]
[EventDate "1985.??.??"]

1. e4 c5 2. c3 d6 3. d4 Nf6 4. Bd3 cxd4 5. cxd4 e5 6. Ne2 Nc6 7. d5 Ne7 8. Nbc3
Ng6 9. Bb5+ Nd7 10. Be3 Be7 11. Ng3 Nh4 12. O-O O-O 13. Qd2 Nb6 14. a4 Bd7 15.
Bd3 f5 16. exf5 Nxf5 17. a5 Nxe3 18. fxe3 Nc8 19. Qc2 h6 20. Qe2 Qe8 21. Nf5
Bg5 22. Bc2 a6 23. Ng3 Rxf1+ 24. Rxf1 Ne7 25. Nge4 Bb5 26. Nxb5 Qxb5 27. Bd3
Qxa5 28. Nxg5 hxg5 29. Qh5 g6 30. Bxg6 Nxg6 31. Qxg6+ Kh8 32. Qh6+ Kg8 33.
Qxg5+ Kh8 34. Qh4+ Kg7 35. Qf6+ Kg8 36. Qe6+ Kh8 37. Qxd6 Rd8 38. Qxe5+ Kg8 39.
Qe6+ Kh8 40. h3 Qxd5 41. Qf6+ Kg8 42. Qg6+ Kh8 43. Rf6 Qe5 44. Qh6+ Kg8 45.
Rg6+ Kf7 46. Qh7+ 1-0

[Event "BL 8485 Braunschweig-Solingen"]
[Site "?"]
[Date "1985.??.??"]
[Round "?.1"]
[White "Huebner, R."]
[Black "Eng, H."]
[Result "1-0"]
[WhiteElo "2610"]
[BlackElo "2345"]
[PlyCount "71"]
[EventDate "1985.??.??"]

1. c4 e6 2. g3 Nf6 3. Bg2 d5 4. Nf3 Be7 5. O-O O-O 6. d4 dxc4 7. Qc2 a6 8. Qxc4
b5 9. Qc2 Bb7 10. Bf4 Bd6 11. Bg5 Nbd7 12. Nbd2 c5 13. Bxf6 Qxf6 14. Ne5 Bxg2
15. Nxd7 Qd8 16. Nxf8 Bxf1 17. Qxh7+ Kxf8 18. Rxf1 cxd4 19. Qh8+ Ke7 20. Qxg7
Qh8 21. Qg5+ Qf6 22. Qxf6+ Kxf6 23. Rc1 Ke5 24. Nf3+ Kd5 25. Rd1 e5 26. e3 Bc5
27. exd4 Bxd4 28. Kf1 Rc8 29. Nxd4 exd4 30. Ke2 Ke4 31. f3+ Kd5 32. Kd2 Rh8 33.
h4 f5 34. Rh1 a5 35. h5 Ke5 36. h6 1-0

[Event "BL 8485 Braunschweig-Solingen"]
[Site "?"]
[Date "1985.??.??"]
[Round "?.3"]
[White "Lobron, E."]
[Black "Schruefer, G."]
[Result "1-0"]
[WhiteElo "2495"]
[BlackElo "2205"]
[PlyCount "53"]
[EventDate "1985.??.??"]

1. e4 c5 2. Nf3 d6 3. d4 cxd4 4. Nxd4 Nf6 5. Nc3 a6 6. Bg5 e6 7. f4 Be7 8. Qf3
Qc7 9. O-O-O Nbd7 10. g4 b5 11. Bxf6 Nxf6 12. g5 Nd7 13. f5 Nc5 14. f6 gxf6 15.
gxf6 Bf8 16. Qh5 b4 17. Nd5 Qb7 18. Bc4 Bd7 19. Rhe1 O-O-O 20. Ne7+ Kb8 21. Kb1
Be8 22. Nb3 Nxb3 23. axb3 Ka7 24. Qh4 Bb5 25. Bxb5 Qxb5 26. Rd4 Rd7 27. Rxb4
1-0

[Event "BL 8485 Delmenhorst-Erlangen"]
[Site "?"]
[Date "1985.??.??"]
[Round "?.1"]
[White "Heidrich, M."]
[Black "Meyer, H."]
[Result "1-0"]
[WhiteElo "2260"]
[BlackElo "2245"]
[PlyCount "133"]
[EventDate "1985.??.??"]

1. e4 e5 2. Nf3 Nf6 3. Nc3 Nc6 4. Bb5 Nd4 5. Ba4 Bc5 6. Nxe5 O-O 7. Nd3 Bb6 8.
Nf4 d5 9. d3 Bg4 10. f3 Nh5 11. fxg4 Qh4+ 12. g3 Nxg3 13. Ng2 Qf6 14. Bf4 Nxh1
15. Nxd5 Qd8 16. Be3 c6 17. Nxb6 axb6 18. c3 Ne6 19. Kf1 Qd6 20. Kg1 Ng3 21.
Bc2 Rfe8 22. Qf3 Nxe4 23. dxe4 b5 24. Nh4 g6 25. Qf2 Qc7 26. Nf3 c5 27. Ng5 c4
28. Nxe6 fxe6 29. Bh6 e5 30. Rf1 Qe7 31. a3 Ra6 32. Bg5 Qe6 33. h3 Raa8 34. Bh6
Qe7 35. Kh2 Ra6 36. Kg3 Rd8 37. h4 Rc8 38. Bd1 Raa8 39. Be2 Ra6 40. Kh3 Rac6
41. Bg5 Qc7 42. Bd1 Ra6 43. Bc2 Raa8 44. Bh6 Qe7 45. Qb6 Qd7 46. Qf6 Re8 47. a4
Qe7 48. Qxe7 Rxe7 49. axb5 Ree8 50. Rf2 Ra5 51. b3 Rxb5 52. bxc4 Rb2 53. c5 Rc8
54. Bc1 Rb5 55. Ba3 Ra5 56. Bb4 Ra1 57. Bb3+ Kh8 58. Bd5 Rh1+ 59. Kg3 h5 60.
gxh5 gxh5 61. Rf5 Ra8 62. Rxh5+ Kg7 63. Rxe5 Raa1 64. Rg5+ Kh6 65. Rf5 Rag1+
66. Kf4 Rxh4+ 67. Ke5 1-0

[Event "BL 8485 Delmenhorst-Erlangen"]
[Site "?"]
[Date "1985.??.??"]
[Round "?.5"]
[White "Strobel, W."]
[Black "Schlemermeyer, W."]
[Result "1/2-1/2"]
[WhiteElo "2275"]
[BlackElo "2220"]
[PlyCount "112"]
[EventDate "1985.??.??"]

1. e4 e5 2. Nc3 Nf6 3. f4 d5 4. fxe5 Nxe4 5. d3 Nxc3 6. bxc3 d4 7. Nf3 Nc6 8.
cxd4 Bb4+ 9. Bd2 Bxd2+ 10. Qxd2 Nxd4 11. c3 Nxf3+ 12. gxf3 Qh4+ 13. Qf2 Qh6 14.
Qd2 Qh4+ 15. Qf2 Qh6 16. Bg2 O-O 17. f4 f6 18. e6 Bxe6 19. Bxb7 Rad8 20. O-O-O
Rb8 21. Qf3 Kh8 22. Rd2 Bg4 23. Qxg4 Rxb7 24. Rb2 Rxb2 25. Kxb2 f5 26. Qf3 Rb8+
27. Ka1 Qb6 28. Qe2 a5 29. Re1 h6 30. Qc2 a4 31. h4 a3 32. Rb1 Qxb1+ 33. Qxb1
Rxb1+ 34. Kxb1 Kh7 35. d4 g5 36. fxg5 hxg5 37. hxg5 Kg6 38. Kc2 Kxg5 39. Kd3 f4
40. Ke2 Kg4 41. c4 f3+ 42. Kf2 Kf4 43. c5 Ke4 44. c6 Kxd4 45. Kxf3 Kc5 46. Ke3
Kxc6 47. Kd3 Kd5 48. Kc3 c5 49. Kd3 c4+ 50. Kc3 Kc5 51. Kc2 Kd4 52. Kd2 c3+ 53.
Kc2 Kc4 54. Kc1 Kd3 55. Kd1 c2+ 56. Kc1 Kc3 1/2-1/2

[Event "BL 8485 Delmenhorst-Erlangen"]
[Site "?"]
[Date "1985.??.??"]
[Round "?.7"]
[White "Seyb, D."]
[Black "Dornieden, M."]
[Result "1-0"]
[WhiteElo "2310"]
[BlackElo "2290"]
[PlyCount "103"]
[EventDate "1985.??.??"]

1. e4 g6 2. d4 Bg7 3. Nc3 d6 4. f4 Nc6 5. Nf3 Bg4 6. Be3 e6 7. Be2 Nge7 8. Qd2
d5 9. e5 a6 10. h3 Bxf3 11. Bxf3 Nf5 12. O-O-O Na5 13. Bf2 Nc4 14. Qe1 Qe7 15.
Nxd5 exd5 16. Bxd5 Nb6 17. Bxb7 Rb8 18. Bc6+ Kf8 19. g4 Nc4 20. gxf5 Nxb2 21.
Qa5 Bh6 22. Rde1 Nc4 23. f6 Bxf4+ 24. Be3 Bxe3+ 25. Rxe3 Nxa5 26. fxe7+ Kxe7
27. Be4 Rhd8 28. c3 c5 29. Rd3 cxd4 30. cxd4 Rdc8+ 31. Kd1 Rb1+ 32. Ke2 Rc2+
33. Rd2 Rxd2+ 34. Kxd2 Nc4+ 35. Kc3 Rxh1 36. Bxh1 Ne3 37. Kb4 Ke6 38. Kc5 Nf5
39. a4 a5 40. Be4 Ng7 41. Kc6 Ne8 42. Kb6 f6 43. Bc6 Ng7 44. exf6 Kxf6 45. Kxa5
Nf5 46. d5 Ke5 47. Kb6 Nd6 48. Kc5 g5 49. a5 h5 50. a6 g4 51. hxg4 hxg4 52. a7
1-0

[Event "BL 8485 Delmenhorst-Erlangen"]
[Site "?"]
[Date "1985.??.??"]
[Round "?.8"]
[White "Ditt, E."]
[Black "Hommel, G."]
[Result "1-0"]
[WhiteElo "2300"]
[BlackElo "2320"]
[PlyCount "77"]
[EventDate "1985.??.??"]

1. g3 d5 2. Bg2 Nf6 3. f4 c5 4. Nf3 Nc6 5. d3 g6 6. O-O Bg7 7. c3 O-O 8. a4 Qc7
9. Na3 a6 10. Qc2 Bg4 11. e4 dxe4 12. dxe4 Rad8 13. Nc4 Be6 14. Ne3 Na5 15. c4
Nc6 16. Nd5 Nxd5 17. cxd5 Nd4 18. Nxd4 Bxd4+ 19. Kh1 Bc8 20. Rd1 Qd7 21. Bd2 b6
22. Bc3 Bxc3 23. Qxc3 a5 24. Rd2 Bb7 25. b3 Qc7 26. Rad1 f6 27. h4 Bc8 28. e5
fxe5 29. fxe5 Bg4 30. d6 Qc8 31. dxe7 Bxd1 32. Qc4+ Kg7 33. exf8=Q+ Kxf8 34.
Qf1+ Kg7 35. Qxd1 Rxd2 36. Qxd2 Qe6 37. Qc3 h5 38. Kh2 Kh6 39. Bh3 1-0